000 00565nam a22001817a 4500
005 20231108105143.0
008 231108b |||||||| |||| 00| 0 eng d
020 _a9780409053098
041 _aEnglish
082 _a346.3 ISA
100 _aKlopper, HB
_lEnglish
245 _aIsaacs and Leveson: The Law of Collisions in South Africa /
_cHB Klopper
250 _aEighth Edition
260 _aDurban :
_bLexisNexis (Pty) Ltd,
_c2012
300 _bxix, 360 pages ;
_c25 cm.
650 _aLegal practice
_bLaw
942 _cBK
_6ALISON_BN_VRIES
999 _c422
_d422